Apuntes de matemáticas para el curso preuniversitario, adaptados al programa oficial

Gespeichert in:
Bibliographische Detailangaben
1. Verfasser: Navarro Herranz, Antonio .
Format: Buch
Sprache:Spanisch
Erschienen: [S.l.] : Multicop, [s.a.]
Katalog:MANES:  Suchergebnis im Bibliothekskatalog
Schulbuchspezifische Eigenschaften:
Tags: Tag hinzufügen
Keine Tags, Fügen Sie den ersten Tag hinzu!
Hinzugefügt zu:29.11.1999
Geändert in:07.05.2025

MARC

LEADER 00000cam a2200000 i 4500
005 20250507134423.0
008 000000nuuuu esp fp 000 0 spa d
040 |a uned  |b spa  |c entro-manes 
100 1 |a Navarro Herranz, Antonio .  |9 38034 
245 1 0 |a Apuntes de matemáticas para el curso preuniversitario, adaptados al programa oficial /   |c Antonio Navarro Herranz 
260 |a [S.l.] :   |b Multicop,   |c [s.a.] 
546 |a España 
561 |5 es-BUNED  |3 L.T. 3810  |a España. Fondo Manes UNED  |k MANES 
690 0 |a MATE 
691 0 |a SE 
942 |2 ddc  |c BK 
999 |c 94071  |d 94071 
999 |c manes:94071  |d 94071